000 00267nam a2200121Ia 4500
008 191201s2009 xx 000 0 und d
100 _aDASBIT,Sipra
245 0 _aMobile Computing
260 _c2009
_bPHI
_aN. Delhi
300 _a182
650 _aIT
942 _2ddc
_cBB
999 _c7424
_d7424